[Event "ODJM C 2024"]
[Site "Willingen GER"]
[Date "2024.05.24"]
[Round "8"]
[White "Sniegowski, Victoria"]
[Black "Wagner, Valentin Thien-Phu"]
[Result "1/2-1/2"]
[Termination "normal"]
[Board "37"]
[WhiteElo "1001"]
[BlackElo "863"]
[WhiteClock "00:42:04"]
[BlackClock "00:49:55"]
[PlyCount "87"]
[WhiteFideId "34675612"]
[BlackFideId "34603492"]
[EventCountry "GER"]
[EventRounds "9"]
[EventType "swiss"]
[EventDate "2024.05.18"]

1. e4 {[%clk 01:30:58]} {[%emt 00:02:59]} e5 {[%clk 01:30:56]} 2. Nf3 {[%clk
01:31:21]} Nc6 {[%clk 01:31:21]} 3. Bc4 {[%clk 01:31:43]} Nf6 {[%clk 01:31:10]}
4. Ng5 {[%clk 01:31:28]} d5 {[%clk 01:30:44]} 5. Bxd5 {[%clk 01:30:27]} Nxd5
{[%clk 01:30:08]} 6. exd5 {[%clk 01:29:17]} Qxg5 {[%clk 01:30:01]} 7. dxc6
{[%clk 01:29:04]} bxc6 {[%clk 01:30:14]} 8. Qf3 {[%clk 01:25:21]} Bd7 {[%clk
01:27:38]} 9. Nc3 {[%clk 01:22:18]} Bd6 {[%clk 01:24:16]} 10. d4 {[%clk
01:20:04]} Qg6 {[%clk 01:23:14]} 11. dxe5 {[%clk 01:19:11]} Bxe5 {[%clk
01:21:42]} 12. Qe2 {[%clk 01:17:32]} Qf6 {[%clk 01:19:16]} 13. Bd2 {[%clk
01:16:02]} O-O {[%clk 01:19:13]} 14. O-O-O {[%clk 01:16:05]} Rae8 {[%clk
01:19:15]} 15. Qd3 {[%clk 01:11:02]} Rd8 {[%clk 01:16:14]} {[%emt 00:00:30]}
16. Qe3 {[%clk 01:03:39]} {[%emt 00:07:54]} Rfe8 {[%clk 01:11:26]} {[%emt
00:05:17]} 17. Qg5 {[%clk 01:02:05]} {[%emt 00:02:05]} Be6 {[%clk 01:06:36]}
{[%emt 00:05:19]} 18. Qxf6 {[%clk 01:01:56]} {[%emt 00:00:40]} Bxf6 {[%clk
01:06:44]} {[%emt 00:00:21]} 19. Kb1 {[%clk 01:01:39]} {[%emt 00:00:48]} h6
{[%clk 01:05:21]} {[%emt 00:01:54]} 20. Ne4 {[%clk 00:58:23]} {[%emt 00:03:45]}
Be7 {[%clk 01:03:03]} {[%emt 00:02:47]} 21. Be3 {[%clk 00:57:18]} {[%emt
00:01:35]} Rxd1+ {[%clk 00:58:22]} {[%emt 00:05:11]} 22. Rxd1 {[%clk 00:57:36]}
{[%emt 00:00:12]} Rd8 {[%clk 00:58:42]} {[%emt 00:00:11]} 23. Rxd8+ {[%clk
00:57:36]} {[%emt 00:00:30]} Bxd8 {[%clk 00:59:00]} {[%emt 00:00:12]} 24. Bxa7
{[%clk 00:57:54]} {[%emt 00:00:12]} f5 {[%clk 00:58:45]} {[%emt 00:00:45]} 25.
Nc5 {[%clk 00:55:20]} {[%emt 00:03:04]} Bd5 {[%clk 00:57:45]} {[%emt 00:01:31]}
26. f3 {[%clk 00:54:04]} {[%emt 00:01:45]} g5 {[%clk 00:57:46]} {[%emt
00:00:29]} 27. Nd3 {[%clk 00:51:10]} {[%emt 00:03:25]} h5 {[%clk 00:55:46]}
{[%emt 00:02:29]} 28. Be3 {[%clk 00:48:51]} {[%emt 00:02:48]} g4 {[%clk
00:52:41]} {[%emt 00:03:36]} 29. fxg4 {[%clk 00:48:55]} {[%emt 00:00:25]} hxg4
{[%clk 00:50:24]} {[%emt 00:02:48]} 30. Nf4 {[%clk 00:48:33]} {[%emt 00:00:52]}
Be4 {[%clk 00:50:23]} {[%emt 00:00:32]} 31. g3 {[%clk 00:48:11]} {[%emt
00:00:51]} Bg5 {[%clk 00:50:25]} {[%emt 00:00:28]} 32. a4 {[%clk 00:45:17]}
{[%emt 00:03:25]} Bxf4 {[%clk 00:49:21]} {[%emt 00:01:33]} 33. Bxf4 {[%clk
00:45:33]} {[%emt 00:00:13]} c5 {[%clk 00:49:20]} {[%emt 00:00:32]} 34. Bxc7
{[%clk 00:45:48]} {[%emt 00:00:14]} Kf7 {[%clk 00:49:30]} {[%emt 00:00:21]} 35.
Bf4 {[%clk 00:45:57]} {[%emt 00:00:21]} Ke6 {[%clk 00:49:49]} {[%emt 00:00:10]}
36. Kc1 {[%clk 00:45:27]} {[%emt 00:01:01]} Kd5 {[%clk 00:50:07]} {[%emt
00:00:12]} 37. c3 {[%clk 00:45:16]} {[%emt 00:00:42]} Kc4 {[%clk 00:50:26]}
{[%emt 00:00:11]} 38. a5 {[%clk 00:45:06]} {[%emt 00:00:39]} Kd3 {[%clk
00:50:32]} {[%emt 00:00:24]} 39. h4 {[%clk 00:45:06]} {[%emt 00:00:30]} gxh3
{[%clk 00:50:46]} {[%emt 00:00:16]} 40. g4 {[%clk 00:44:32]} {[%emt 00:01:04]}
fxg4 {[%clk 00:50:55]} {[%emt 00:00:21]} 41. Kd1 {[%clk 00:42:45]} {[%emt
00:02:18]} Bf3+ {[%clk 00:50:52]} {[%emt 00:00:32]} 42. Ke1 {[%clk 00:42:01]}
{[%emt 00:01:14]} Ke4 {[%clk 00:50:58]} {[%emt 00:00:24]} 43. Bg3 {[%clk
00:42:04]} {[%emt 00:00:26]} Kd3 {[%clk 00:49:55]} {[%emt 00:01:33]} 44. b4
1/2-1/2

[Event "ODJM C 2024"]
[Site "Willingen GER"]
[Date "2024.05.24"]
[Round "8"]
[White "Muhl, Justinus"]
[Black "Lohrmann, Flavia"]
[Result "0-1"]
[Termination "normal"]
[Board "39"]
[WhiteElo "928"]
[BlackElo "1455"]
[WhiteClock "00:50:41"]
[BlackClock "01:08:25"]
[PlyCount "148"]
[WhiteFideId "34635190"]
[BlackFideId "12982865"]
[EventCountry "GER"]
[EventRounds "9"]
[EventType "swiss"]
[EventDate "2024.05.18"]

1. e4 {[%clk 01:30:21]} e5 {[%clk 01:30:55]} 2. Nf3 {[%clk 01:30:20]} Nc6
{[%clk 01:31:14]} 3. Bc4 {[%clk 01:30:21]} Bc5 {[%clk 01:31:39]} 4. c3 {[%clk
01:30:20]} Nf6 {[%clk 01:31:57]} 5. d3 {[%clk 01:29:43]} O-O {[%clk 01:32:13]}
6. O-O {[%clk 01:28:37]} d5 {[%clk 01:32:32]} 7. exd5 {[%clk 01:27:38]} Nxd5
{[%clk 01:32:40]} 8. Nbd2 Nb6 {[%clk 01:31:11]} 9. Bb5 {[%clk 01:25:57]} Re8
{[%clk 01:29:53]} 10. Nb3 {[%clk 01:22:35]} Bd6 11. d4 {[%clk 01:21:06]} exd4
{[%clk 01:27:04]} 12. Nfxd4 {[%clk 01:20:53]} Bd7 {[%clk 01:26:15]} 13. Nxc6
{[%clk 01:19:29]} bxc6 {[%clk 01:26:20]} 14. Ba6 {[%clk 01:19:06]} Rb8 {[%clk
01:26:01]} 15. Re1 {[%clk 01:14:55]} Qh4 {[%clk 01:25:21]} 16. g3 {[%clk
01:11:54]} Qh3 {[%clk 01:24:36]} 17. Bf1 {[%clk 01:10:53]} Qf5 {[%clk
01:23:56]} 18. Rxe8+ Rxe8 19. Bd3 {[%clk 01:10:15]} Qd5 {[%clk 01:22:38]} 20.
Nd4 {[%clk 01:03:30]} c5 {[%clk 01:21:12]} 21. Nf3 {[%clk 01:03:42]} c4 {[%clk
01:20:51]} 22. Be2 {[%clk 01:03:43]} Qe4 {[%clk 01:18:57]} 23. Be3 {[%clk
01:03:31]} Nd5 {[%clk 01:19:04]} 24. Qd2 {[%clk 01:00:01]} Nxe3 {[%clk
01:16:29]} 25. Qxe3 {[%clk 01:00:11]} Qxe3 {[%clk 01:16:19]} 26. fxe3 {[%clk
01:00:32]} Rxe3 {[%clk 01:16:46]} 27. Kf2 {[%clk 01:00:35]} Re4 {[%clk
01:16:11]} 28. Nd2 {[%clk 01:00:38]} Bc5+ {[%clk 01:14:52]} 29. Kf3 {[%clk
01:00:51]} Re3+ {[%clk 01:14:36]} 30. Kf2 {[%clk 01:01:16]} Rd3+ {[%clk
01:14:34]} 31. Ke1 {[%clk 01:01:35]} Re3 {[%clk 01:14:30]} 32. Kd1 {[%clk
01:01:43]} g6 {[%clk 01:07:35]} 33. Nxc4 {[%clk 00:59:27]} Re4 {[%clk
01:07:44]} 34. Nd2 {[%clk 00:56:39]} Re5 {[%clk 01:07:54]} 35. Nf3 {[%clk
00:52:22]} Rd5+ {[%clk 01:07:30]} 36. Kc2 {[%clk 00:52:30]} Bf5+ {[%clk
01:06:38]} 37. Kb3 {[%clk 00:52:38]} Be6 {[%clk 01:05:01]} 38. Bc4 {[%clk
00:52:29]} Rd3 {[%clk 01:04:58]} 39. Ne5 {[%clk 00:51:21]} Re3 {[%clk
01:04:46]} 40. Bxe6 {[%clk 00:51:09]} fxe6 {[%clk 01:04:32]} 41. Ng4 {[%clk
00:51:04]} Re2 {[%clk 01:03:33]} 42. Rd1 {[%clk 00:50:39]} e5 {[%clk 01:03:35]}
43. Rd5 {[%clk 00:48:39]} Bd6 {[%clk 01:03:28]} 44. Kc4 {[%clk 00:48:37]} Re4+
{[%clk 01:03:36]} 45. Kb5 {[%clk 00:48:52]} Rxg4 {[%clk 01:03:47]} 46. Kc6
{[%clk 00:49:19]} e4 {[%clk 01:03:10]} 47. Kd7 {[%clk 00:49:22]} e3 {[%clk
01:03:11]} 48. Rb5 {[%clk 00:49:46]} Kg7 {[%clk 01:03:13]} 49. Rb7 {[%clk
00:49:12]} e2 {[%clk 01:03:38]} 50. c4 {[%clk 00:45:13]} e1=Q {[%clk 01:03:59]}
51. c5 {[%clk 00:45:40]} Qe7+ {[%clk 01:03:31]} 52. Kc6 {[%clk 00:46:03]} Bxc5
{[%clk 01:03:36]} 53. Rxc7 {[%clk 00:46:13]} Re4 {[%clk 01:03:33]} 54. Rxe7+
{[%clk 00:45:29]} Bxe7 {[%clk 01:04:00]} 55. Kb5 {[%clk 00:45:32]} Re2 {[%clk
01:04:15]} 56. a4 Rxb2+ {[%clk 01:04:41]} 57. Ka6 {[%clk 00:46:10]} Ra2 {[%clk
01:03:08]} 58. Kb5 {[%clk 00:46:24]} Rxh2 {[%clk 01:03:23]} 59. a5 {[%clk
00:46:46]} Rb2+ {[%clk 01:03:24]} 60. Kc6 {[%clk 00:47:06]} Bd8 {[%clk
01:03:30]} 61. a6 {[%clk 00:45:55]} Rb6+ {[%clk 01:03:56]} 62. Kc5 {[%clk
00:46:18]} Rxa6 {[%clk 01:04:21]} 63. Kd4 {[%clk 00:46:44]} Rf6 {[%clk
01:04:31]} 64. Ke3 {[%clk 00:47:06]} a5 {[%clk 01:04:56]} 65. g4 {[%clk
00:47:26]} a4 {[%clk 01:05:20]} 66. g5 {[%clk 00:47:50]} Rf7 {[%clk 01:05:42]}
67. Ke4 {[%clk 00:48:16]} a3 {[%clk 01:05:57]} 68. Ke5 a2 {[%clk 01:06:16]} 69.
Ke6 {[%clk 00:48:56]} a1=Q {[%clk 01:06:36]} {[%emt 00:00:12]} 70. Kd6 {[%clk
00:49:17]} Re7 {[%clk 01:06:53]} {[%emt 00:00:12]} 71. Kd5 {[%clk 00:49:32]}
{[%emt 00:00:15]} Qd1+ {[%clk 01:07:17]} {[%emt 00:00:08]} 72. Kc5 {[%clk
00:49:51]} {[%emt 00:00:09]} Rc7+ {[%clk 01:07:35]} {[%emt 00:00:13]} 73. Kb5
{[%clk 00:50:18]} {[%emt 00:00:02]} Qb1+ {[%clk 01:07:59]} {[%emt 00:00:05]}
74. Ka5 {[%clk 00:50:41]} {[%emt 00:00:08]} Ra7# {[%clk 01:08:25]} {[%emt
00:00:03]} 0-1

[Event "ODJM C 2024"]
[Site "Willingen GER"]
[Date "2024.05.24"]
[Round "8"]
[White "Bräutigam, Viktoria"]
[Black "Mahr, Mikka"]
[Result "0-1"]
[Termination "normal"]
[Board "40"]
[WhiteElo "863"]
[BlackElo "1016"]
[WhiteClock "00:50:29"]
[BlackClock "01:02:26"]
[PlyCount "72"]
[WhiteFideId "34638652"]
[BlackFideId "34699597"]
[EventCountry "GER"]
[EventRounds "9"]
[EventType "swiss"]
[EventDate "2024.05.18"]

1. e4 {[%clk 01:30:58]} {[%emt 00:00:45]} e5 {[%clk 01:30:58]} 2. Nf3 {[%clk
01:31:18]} Nf6 {[%clk 01:31:15]} 3. Nxe5 {[%clk 01:31:28]} Nxe4 {[%clk
01:31:38]} 4. Bc4 {[%clk 01:30:17]} d5 {[%clk 01:30:58]} 5. Bb3 {[%clk
01:29:54]} Qf6 {[%clk 01:30:25]} 6. Nf3 {[%clk 01:28:58]} Bg4 {[%clk 01:29:03]}
7. Bxd5 {[%clk 01:25:41]} Nd6 {[%clk 01:29:08]} 8. h3 {[%clk 01:23:43]} Bh5
{[%clk 01:28:52]} 9. Nc3 {[%clk 01:23:41]} c6 {[%clk 01:28:35]} 10. Bb3 {[%clk
01:23:39]} Nd7 {[%clk 01:28:01]} 11. d3 {[%clk 01:22:29]} h6 {[%clk 01:28:10]}
12. Be3 {[%clk 01:21:40]} Ne5 {[%clk 01:27:57]} 13. Bd4 {[%clk 01:20:23]} Nxf3+
{[%clk 01:27:01]} 14. gxf3 {[%clk 01:19:50]} Qxd4 {[%clk 01:26:10]} 15. Qe2+
{[%clk 01:18:53]} Be7 {[%clk 01:26:22]} 16. O-O-O {[%clk 01:15:54]} Qf6 {[%clk
01:26:02]} 17. Rde1 {[%clk 01:16:01]} Bxf3 {[%clk 01:23:15]} 18. Qd2 {[%clk
01:07:47]} Bxh1 19. Rxh1 Qh4 {[%clk 01:22:12]} {[%emt 00:00:39]} 20. Kb1 {[%clk
01:07:10]} {[%emt 00:01:12]} O-O {[%clk 01:22:06]} {[%emt 00:00:39]} 21. f3
{[%clk 01:06:50]} {[%emt 00:00:49]} a5 {[%clk 01:21:48]} {[%emt 00:00:49]} 22.
Qg2 {[%clk 01:05:49]} {[%emt 00:01:29]} Rfe8 {[%clk 01:17:57]} {[%emt
00:04:11]} 23. a3 {[%clk 01:05:52]} {[%emt 00:00:35]} b5 {[%clk 01:18:12]}
{[%emt 00:00:19]} 24. Rg1 {[%clk 01:04:47]} {[%emt 00:01:34]} Bf6 {[%clk
01:18:22]} {[%emt 00:00:18]} 25. Ka1 {[%clk 01:03:26]} {[%emt 00:01:54]} b4
{[%clk 01:17:40]} {[%emt 00:01:13]} 26. Nb1 {[%clk 01:02:42]} {[%emt 00:01:13]}
bxa3 {[%clk 01:15:42]} {[%emt 00:02:27]} 27. Nxa3 {[%clk 01:02:51]} {[%emt
00:00:20]} Nb5 {[%clk 01:15:30]} {[%emt 00:00:40]} 28. Nxb5 {[%clk 00:58:17]}
{[%emt 00:05:07]} cxb5 {[%emt 00:00:18]} 29. Qg6 {[%emt 00:00:36]} Rf8 {[%clk
01:12:32]} {[%emt 00:02:36]} 30. Qf5 {[%clk 00:57:42]} {[%emt 00:01:03]} Qd4
{[%clk 01:12:37]} {[%emt 00:00:26]} 31. c3 {[%clk 00:57:28]} {[%emt 00:00:43]}
Qxg1+ {[%emt 00:00:30]} 32. Ka2 {[%emt 00:01:33]} a4 {[%clk 01:08:43]} {[%emt
00:02:22]} 33. Bd5 {[%clk 00:57:43]} {[%emt 00:00:13]} Ra5 {[%clk 01:07:35]}
{[%emt 00:01:39]} 34. Qd7 {[%clk 00:51:15]} {[%emt 00:06:58]} Qf2 {[%clk
01:05:21]} {[%emt 00:02:37]} 35. Qc7 {[%clk 00:50:44]} {[%emt 00:01:08]} a3
{[%clk 01:03:32]} {[%emt 00:02:20]} 36. Qxa5 {[%clk 00:50:29]} {[%emt
00:00:44]} Qxb2# {[%clk 01:02:26]} {[%emt 00:01:02]} 0-1

[Event "ODJM C 2024"]
[Site "Willingen GER"]
[Date "2024.05.24"]
[Round "8"]
[White "Martens, Nele"]
[Black "Kraus, Jesper"]
[Result "0-1"]
[Termination "normal"]
[Board "41"]
[WhiteElo "762"]
[BlackElo "999"]
[WhiteClock "01:18:33"]
[BlackClock "01:15:25"]
[PlyCount "88"]
[WhiteFideId "533001952"]
[BlackFideId "533001936"]
[EventCountry "GER"]
[EventRounds "9"]
[EventType "swiss"]
[EventDate "2024.05.18"]

1. e4 {[%clk 01:30:59]} {[%emt 00:02:07]} e5 {[%clk 01:30:58]} 2. Nf3 {[%clk
01:31:20]} Nc6 {[%clk 01:31:16]} 3. Bc4 {[%clk 01:31:40]} Bc5 {[%clk 01:31:25]}
4. Nc3 {[%clk 01:31:48]} d6 {[%clk 01:30:18]} 5. d3 {[%clk 01:31:56]} Bg4
{[%clk 01:30:11]} 6. h3 {[%clk 01:32:05]} Bd7 {[%clk 01:30:30]} 7. Bg5 {[%clk
01:29:02]} Nf6 {[%clk 01:30:27]} 8. Nd5 {[%clk 01:28:21]} h6 {[%clk 01:29:10]}
9. Bh4 {[%clk 01:28:27]} g5 {[%clk 01:29:24]} 10. Bg3 {[%clk 01:28:29]} Nxd5
{[%clk 01:29:00]} 11. Bxd5 {[%clk 01:28:13]} Be6 {[%clk 01:28:22]} 12. Bxc6+
{[%clk 01:28:07]} bxc6 {[%clk 01:28:03]} 13. Qd2 {[%clk 01:26:56]} Rb8 {[%clk
01:26:41]} 14. b3 {[%clk 01:26:21]} Bb4 {[%clk 01:26:57]} 15. c3 {[%clk
01:26:24]} Bc5 {[%clk 01:24:18]} 16. b4 {[%clk 01:25:10]} Bb6 {[%clk 01:24:38]}
17. a4 {[%clk 01:24:34]} a5 {[%clk 01:24:33]} 18. b5 {[%clk 01:23:58]} c5
{[%clk 01:24:21]} 19. c4 {[%clk 01:23:48]} f6 {[%clk 01:22:45]} 20. h4 {[%clk
01:21:34]} g4 {[%clk 01:22:42]} 21. Nh2 {[%clk 01:21:21]} h5 {[%clk 01:22:14]}
22. f3 {[%clk 01:21:01]} gxf3 {[%clk 01:18:45]} 23. gxf3 {[%clk 01:20:04]} Rg8
{[%clk 01:18:56]} 24. Rg1 {[%clk 01:19:34]} {[%emt 00:00:06]} Bh3 {[%clk
01:17:12]} 25. Qh6 {[%clk 01:18:57]} {[%emt 00:01:07]} Qe7 {[%clk 01:16:14]}
{[%emt 00:01:28]} 26. Qxh5+ {[%clk 01:19:00]} {[%emt 00:00:26]} Kd7 {[%clk
01:16:30]} {[%emt 00:00:14]} 27. Rh1 {[%clk 01:18:53]} {[%emt 00:00:37]} Rxg3
{[%clk 01:16:18]} {[%emt 00:00:40]} 28. Kf2 {[%clk 01:18:53]} {[%emt 00:00:32]}
Rg2+ {[%clk 01:16:17]} {[%emt 00:00:32]} 29. Ke1 {[%clk 01:19:08]} {[%emt
00:00:16]} Be6 {[%clk 01:14:09]} {[%emt 00:02:37]} 30. Ng4 {[%clk 01:18:32]}
{[%emt 00:01:05]} Bxg4 {[%clk 01:13:58]} {[%emt 00:00:42]} 31. fxg4 {[%clk
01:18:43]} {[%emt 00:00:18]} Rg8 {[%clk 01:13:59]} {[%emt 00:00:29]} 32. Qf5+
{[%clk 01:18:17]} {[%emt 00:00:56]} Qe6 {[%clk 01:14:10]} {[%emt 00:00:20]} 33.
Qh5 {[%clk 01:18:02]} {[%emt 00:00:44]} R8xg4 {[%clk 01:13:55]} {[%emt
00:00:45]} 34. Qh7+ {[%clk 01:17:57]} {[%emt 00:00:35]} Qe7 {[%clk 01:13:55]}
{[%emt 00:00:31]} 35. Qh5 {[%clk 01:17:54]} {[%emt 00:00:33]} Rg1+ {[%clk
01:14:12]} {[%emt 00:00:14]} 36. Rxg1 {[%clk 01:18:04]} {[%emt 00:00:18]} Rxg1+
{[%clk 01:14:15]} {[%emt 00:00:27]} 37. Kd2 {[%clk 01:18:12]} {[%emt 00:00:22]}
Rxa1 {[%clk 01:14:31]} {[%emt 00:00:15]} 38. Qf5+ {[%clk 01:18:10]} {[%emt
00:00:31]} Qe6 {[%clk 01:14:35]} {[%emt 00:00:27]} 39. Qh7+ {[%clk 01:18:21]}
{[%emt 00:00:18]} Kc8 {[%clk 01:14:05]} {[%emt 00:01:02]} 40. Qh8+ {[%clk
01:18:22]} {[%emt 00:00:28]} Kb7 {[%clk 01:14:28]} {[%emt 00:00:08]} 41. h5
{[%clk 01:18:21]} {[%emt 00:00:31]} Rxa4 {[%clk 01:14:36]} {[%emt 00:00:21]}
42. h6 {[%clk 01:18:27]} {[%emt 00:00:24]} Qh3 {[%clk 01:14:57]} {[%emt
00:00:08]} 43. h7 {[%clk 01:18:37]} {[%emt 00:00:19]} Qh2+ {[%clk 01:15:06]}
{[%emt 00:00:23]} 44. Kc3 {[%clk 01:18:33]} {[%emt 00:00:33]} Ra3# {[%clk
01:15:25]} {[%emt 00:00:11]} 0-1

[Event "ODJM C 2024"]
[Site "Willingen GER"]
[Date "2024.05.24"]
[Round "8"]
[White "Hirtzel, Amelie Meiyan"]
[Black "Rinke, Leonard"]
[Result "1/2-1/2"]
[Termination "normal"]
[Board "43"]
[WhiteElo "811"]
[BlackElo "906"]
[WhiteClock "01:13:28"]
[BlackClock "00:55:10"]
[PlyCount "120"]
[WhiteFideId "533001898"]
[BlackFideId "34682155"]
[EventCountry "GER"]
[EventRounds "9"]
[EventType "swiss"]
[EventDate "2024.05.18"]

1. d4 {[%clk 01:30:57]} {[%emt 00:02:04]} d5 {[%clk 01:30:54]} 2. Nf3 {[%clk
01:31:23]} Nf6 {[%clk 01:31:05]} 3. Bf4 {[%clk 01:31:46]} e6 {[%clk 01:31:00]}
4. e3 {[%clk 01:32:02]} Bd6 {[%clk 01:30:44]} 5. Bxd6 {[%clk 01:32:26]} Qxd6
{[%clk 01:31:01]} 6. c3 {[%clk 01:32:32]} O-O {[%clk 01:31:22]} 7. Bd3 {[%clk
01:32:57]} c5 {[%clk 01:31:25]} 8. Nbd2 {[%clk 01:33:03]} Nc6 {[%clk 01:29:24]}
9. O-O {[%clk 01:32:23]} c4 {[%clk 01:26:15]} 10. Bc2 {[%clk 01:32:43]} e5
{[%clk 01:25:31]} 11. dxe5 {[%clk 01:29:25]} Nxe5 {[%clk 01:25:47]} 12. Nd4
{[%clk 01:29:30]} Nd3 {[%clk 01:24:46]} 13. b3 {[%clk 01:28:40]} Ng4 {[%clk
01:21:13]} 14. N2f3 {[%clk 01:27:22]} Nde5 {[%clk 01:18:30]} 15. Nxe5 {[%clk
01:27:24]} Qxe5 {[%clk 01:18:42]} 16. f4 {[%clk 01:26:23]} Qh5 {[%clk
01:18:08]} 17. h3 {[%clk 01:25:16]} Nf6 {[%clk 01:18:02]} 18. Qxh5 {[%clk
01:25:40]} Nxh5 {[%clk 01:18:15]} 19. Rad1 {[%clk 01:24:45]} Ng3 {[%clk
01:18:20]} 20. Rfe1 {[%clk 01:24:02]} Be6 {[%clk 01:12:48]} 21. Ne2 {[%clk
01:22:42]} cxb3 {[%clk 01:09:22]} {[%emt 00:02:48]} 22. axb3 {[%clk 01:22:49]}
{[%emt 00:00:23]} Nxe2+ {[%clk 01:09:30]} {[%emt 00:00:21]} 23. Rxe2 {[%clk
01:23:09]} {[%emt 00:00:11]} Rac8 {[%clk 01:09:46]} {[%emt 00:00:10]} 24. Rc1
{[%emt 00:02:27]} g6 25. Bd3 {[%emt 00:00:54]} a6 {[%clk 01:04:46]} {[%emt
00:03:37]} 26. g4 {[%clk 01:20:10]} {[%emt 00:02:35]} b5 {[%clk 01:04:54]}
{[%emt 00:00:21]} 27. Rcc2 {[%clk 01:19:55]} {[%emt 00:00:45]} d4 {[%clk
01:04:13]} {[%emt 00:01:11]} 28. c4 {[%clk 01:19:33]} {[%emt 00:00:53]} dxe3
{[%clk 00:59:47]} {[%emt 00:04:57]} 29. Rxe3 {[%clk 01:19:18]} {[%emt
00:00:44]} Rc7 {[%clk 00:59:27]} {[%emt 00:00:48]} 30. cxb5 {[%clk 01:17:47]}
{[%emt 00:02:03]} Rxc2 {[%clk 00:58:35]} {[%emt 00:01:22]} 31. Bxc2 {[%clk
01:18:10]} {[%emt 00:00:07]} axb5 {[%clk 00:58:52]} {[%emt 00:00:14]} 32. b4
{[%clk 01:18:13]} {[%emt 00:00:27]} f5 {[%clk 00:58:40]} {[%emt 00:00:40]} 33.
gxf5 {[%clk 01:18:25]} {[%emt 00:00:19]} Bxf5 {[%clk 00:57:58]} {[%emt
00:01:36]} 34. Bxf5 {[%clk 01:18:19]} {[%emt 00:00:38]} Rxf5 {[%clk 00:58:01]}
{[%emt 00:00:27]} 35. Rf3 {[%clk 01:18:05]} {[%emt 00:00:44]} g5 {[%clk
00:58:14]} {[%emt 00:00:16]} 36. Kf2 {[%clk 01:18:06]} {[%emt 00:00:30]} gxf4
{[%clk 00:58:22]} {[%emt 00:00:22]} 37. Ke2 {[%clk 01:18:15]} {[%emt 00:00:21]}
Kg7 {[%clk 00:58:11]} {[%emt 00:00:40]} 38. Kd3 {[%clk 01:18:39]} {[%emt
00:00:07]} h5 {[%clk 00:58:05]} {[%emt 00:00:36]} 39. Ke4 {[%clk 01:19:05]}
{[%emt 00:00:05]} Kg6 {[%clk 00:57:32]} {[%emt 00:01:01]} 40. h4 {[%clk
01:17:16]} {[%emt 00:02:20]} Kf6 {[%clk 00:55:09]} {[%emt 00:02:43]} 41. Rxf4
{[%clk 01:15:56]} {[%emt 00:01:58]} Rxf4+ {[%clk 00:55:18]} {[%emt 00:00:23]}
42. Kxf4 {[%clk 01:16:18]} {[%emt 00:00:07]} Kg6 {[%clk 00:55:28]} {[%emt
00:00:20]} 43. Ke5 {[%clk 01:16:30]} {[%emt 00:00:19]} Kg7 {[%clk 00:55:25]}
{[%emt 00:00:32]} 44. Kd5 {[%clk 01:16:54]} {[%emt 00:00:07]} Kf6 {[%clk
00:55:40]} {[%emt 00:00:14]} 45. Kc5 {[%clk 01:17:16]} {[%emt 00:00:09]} Kf5
{[%clk 00:55:52]} {[%emt 00:00:16]} 46. Kxb5 {[%clk 01:17:38]} {[%emt
00:00:10]} Kg4 {[%clk 00:56:10]} {[%emt 00:00:11]} 47. Kc5 {[%clk 01:18:00]}
{[%emt 00:00:09]} Kxh4 {[%clk 00:56:20]} {[%emt 00:00:18]} 48. b5 {[%clk
01:18:28]} {[%emt 00:00:05]} Kg3 {[%clk 00:55:25]} {[%emt 00:01:24]} 49. b6
{[%clk 01:18:52]} {[%emt 00:00:06]} h4 {[%clk 00:55:43]} {[%emt 00:00:11]} 50.
b7 {[%clk 01:19:18]} {[%emt 00:00:04]} h3 {[%clk 00:55:54]} {[%emt 00:00:20]}
51. b8=Q+ {[%clk 01:19:43]} {[%emt 00:00:05]} Kg2 {[%clk 00:56:05]} {[%emt
00:00:18]} 52. Qg8+ {[%clk 01:19:46]} {[%emt 00:00:28]} Kh1 {[%clk 00:56:15]}
{[%emt 00:00:20]} 53. Kd4 {[%clk 01:19:35]} {[%emt 00:00:41]} h2 {[%clk
00:56:30]} {[%emt 00:00:14]} 54. Qd5+ {[%clk 01:18:57]} {[%emt 00:01:08]} Kg1
{[%clk 00:56:40]} {[%emt 00:00:20]} 55. Qg8+ {[%clk 01:17:26]} {[%emt
00:02:01]} Kh1 {[%clk 00:56:39]} {[%emt 00:00:51]} 56. Qh7 {[%clk 01:15:52]}
{[%emt 00:02:04]} Kg1 {[%emt 00:00:11]} 57. Qe4 {[%emt 00:00:31]} h1=Q {[%emt
00:00:18]} 58. Qb1+ {[%emt 00:00:17]} Kg2 {[%clk 00:55:30]} {[%emt 00:00:22]}
59. Qb7+ {[%clk 01:15:58]} {[%emt 00:00:25]} Kg1 {[%clk 00:54:54]} {[%emt
00:01:06]} 60. Qxh1+ {[%clk 01:13:28]} {[%emt 00:03:00]} Kxh1 {[%clk 00:55:10]}
{[%emt 00:00:14]} 1/2-1/2